01307nam a2200337 a 4500001001200000003000800012006001900020007001500039008004100054010001700095020003700112020003400149020002700183040002100210035002100231050002800252245011300280260005600393300003300449490003400482500002000516533015200536630001600688650002500704655002900729700002100758710001700779830003000796856012600826999001700952ebr10630608CaPaEBRm u cr cn|||||||||120217s2012 inuac s 001 0 eng d z 2012933629 z9781118106884 (pbk : alk. paper) z1118106881 (pbk : alk. paper) z9781118286845 (e-book) aCaPaEBRcCaPaEBR a(OCoLC)80198733914aQA76.73.S67bP76 2012eb00aProfessional Microsoft SQL server 2012 administrationh[electronic resource] /cAdam Jorgensen ... [et al.]. aIndianapolis, Ind. :bJ. Wiley & Sons, Inc.,c2012. axlii, 917 p. :bill., ports.1 aWrox programmer to programmer aIncludes index. aElectronic reproduction.bPalo Alto, Calif. :cebrary,d2011.nAvailable via World Wide Web.nAccess may be limited to ebrary affiliated libraries.00aSQL server. 0aDatabase management. 7aElectronic books.2local1 aJorgensen, Adam.2 aebrary, Inc. 0aProgrammer to programmer.40uhttp://site.ebrary.com/lib/rucke/Doc?id=10630608zAn electronic book accessible through the World Wide Web; click to view c71639d71638